00496nam a2200193 a 4500001001300000003000900013005001700022008004100039020001000080082001800090100001900108245004300127260003600170300000900206500003500215505001000250650002300260700001900283nice12345678IN_TiNIC20260116012714.0050524s1987 newa grp 000 0 eng  ac17500a297.1977bCAR aCarre, Olivier aIslam and the State in the World Today aNew Delhi bManohar Pub. c1987 a280p aincludes index and biblioraphy2 aIndex aIslam and Politics1 aCarre, Olivier